000 00487nam a2200181Ia 4500
005 20250508154917.0
008 008 250505s9999 xx 000 0 hin d
037 _aReference
040 _aFEDL
_beng
_cFEDL
041 _ahin
_2hin
084 _a370.954, JOH/RR
_qFEDL
100 _aJohari
245 0 _aBhartiya shiksha ka itihas
260 _aAgra, India
_bVinod Pustak Mandir
300 _a492p.
942 _cREF
_h370.954, JOH/RR
999 _c1352766
_d1352766